[Event "DVM U16 2022"]
[Site "Darmstadt GER"]
[Date "2022.12.29"]
[Round "5"]
[White "Herter, Arne"]
[Black "Yin, Haode"]
[Result "1-0"]
[Termination "normal"]
[Board "1.1"]
[WhiteElo "1973"]
[BlackElo "1931"]
[WhiteClock "00:22:34"]
[BlackClock "00:01:39"]
[WhiteTeam "Schachzwerge Magdeburg"]
[BlackTeam "SchachAkademiePaderborn e. V."]
[PlyCount "125"]
[WhiteFideId "16255372"]
[BlackFideId "16261348"]
[EventCountry "GER"]
[EventRounds "7"]
[EventType "team-swiss"]
[EventDate "2022.12.26"]

1. e4 {[%clk 1:30:59]} e6 {[%clk 1:30:57]} 2. d4 {[%clk 1:31:25]} d5 {[%clk
1:31:24]} 3. Nd2 {[%clk 1:31:48]} c5 {[%clk 1:31:50]} 4. exd5 {[%clk 1:32:12]}
exd5 {[%clk 1:32:16]} 5. Ngf3 {[%clk 1:32:27]} Nf6 {[%clk 1:32:39]} 6. Bb5
{[%clk 1:32:39]} Bd7 {[%clk 1:32:49]} 7. Bxd7 {[%clk 1:33:02]} Nbxd7 {[%clk
1:33:04]} 8. O-O {[%clk 1:33:14]} Be7 {[%clk 1:32:19]} 9. dxc5 {[%clk 1:33:30]}
Nxc5 {[%clk 1:31:06]} 10. Re1 {[%clk 1:33:22]} O-O {[%clk 1:30:31]} 11. Nf1
{[%clk 1:33:24]} Nce4 {[%clk 1:26:43]} 12. Be3 {[%clk 1:31:54]} h6 {[%clk
1:20:45]} 13. c3 {[%clk 1:29:54]} Re8 {[%clk 1:19:36]} 14. Bd4 {[%clk 1:25:50]}
Bd6 {[%clk 1:15:50]} 15. Ne3 {[%clk 1:22:51]} Qd7 {[%clk 1:11:46]} 16. Qb3
{[%clk 1:09:02]} Bf4 {[%clk 0:55:12]} 17. Rad1 {[%clk 0:55:57]} Bxe3 {[%clk
0:27:17]} 18. Rxe3 {[%clk 0:50:13]} Qc7 {[%clk 0:25:59]} 19. h3 {[%clk
0:44:25]} b6 {[%clk 0:24:20]} 20. Rde1 {[%clk 0:41:58]} Qc4 {[%clk 0:20:09]}
21. Bxf6 {[%clk 0:39:03]} Qxb3 {[%clk 0:18:45]} 22. axb3 {[%clk 0:37:29]} Nxf6
{[%clk 0:19:10]} 23. Nd4 {[%clk 0:30:12]} a5 {[%clk 0:15:47]} 24. Nf5 {[%clk
0:25:10]} Rxe3 {[%clk 0:14:22]} 25. Rxe3 {[%clk 0:23:20]} Kf8 {[%clk 0:14:32]}
26. Rd3 {[%clk 0:21:16]} Rd8 {[%clk 0:10:22]} 27. Nd4 {[%clk 0:15:36]} Rd7
{[%clk 0:08:17]} 28. Kf1 {[%clk 0:14:44]} g6 {[%clk 0:07:18]} 29. Nc2 {[%clk
0:11:42]} Ke7 {[%clk 0:06:52]} 30. Ne3 {[%clk 0:11:31]} Ke6 {[%clk 0:05:37]}
31. Ng4 {[%clk 0:11:15]} h5 {[%clk 0:03:18]} 32. Nxf6 {[%clk 0:11:29]} Kxf6
{[%clk 0:03:46]} 33. Ke2 {[%clk 0:11:27]} Ke5 {[%clk 0:03:01]} 34. Re3 {[%clk
0:10:56]} Kd6 {[%clk 0:03:17]} 35. Kd3 {[%clk 0:10:31]} Re7 {[%clk 0:03:17]}
36. Rxe7 {[%clk 0:09:15]} Kxe7 {[%clk 0:03:46]} 37. Kd4 {[%clk 0:08:04]} Kd6
{[%clk 0:04:10]} 38. f4 {[%clk 0:08:02]} h4 {[%clk 0:02:57]} 39. Ke3 {[%clk
0:06:37]} Ke6 {[%clk 0:03:15]} 40. Kd4 {[%clk 0:05:47]} Kd6 {[%clk 0:03:35]}
41. Ke3 {[%clk 0:06:09]} Kc5 {[%clk 0:13:56]} 42. Kd3 {[%clk 0:33:41]} b5
{[%clk 0:10:17]} 43. Kc2 {[%clk 0:26:42]} a4 {[%clk 0:07:37]} 44. bxa4 {[%clk
0:26:52]} bxa4 {[%clk 0:08:05]} 45. Kb1 {[%clk 0:26:50]} d4 {[%clk 0:04:28]}
46. cxd4 {[%clk 0:26:57]} Kxd4 {[%clk 0:04:57]} 47. Ka2 {[%clk 0:26:25]} Kd3
{[%clk 0:03:16]} 48. Ka3 {[%clk 0:23:48]} Kc2 {[%clk 0:03:45]} 49. Ka2 {[%clk
0:22:44]} Kc1 {[%clk 0:04:14]} 50. Ka1 {[%clk 0:22:08]} Kc2 {[%clk 0:04:40]}
51. Ka2 {[%clk 0:22:29]} f6 {[%clk 0:02:35]} 52. Ka3 {[%clk 0:19:18]} Kb1
{[%clk 0:02:40]} 53. Kxa4 {[%clk 0:19:41]} Kxb2 {[%clk 0:03:05]} 54. Kb4 {[%clk
0:20:02]} Kc2 {[%clk 0:03:32]} 55. Kc4 {[%clk 0:20:26]} Kd2 {[%clk 0:03:52]}
56. Kd5 {[%clk 0:20:48]} Ke3 {[%clk 0:02:00]} 57. Ke6 {[%clk 0:21:04]} f5
{[%clk 0:01:35]} 58. Kf6 {[%clk 0:21:02]} Kxf4 {[%clk 0:01:57]} 59. Kxg6 {[%clk
0:21:15]} Kg3 {[%clk 0:00:50]} 60. Kxf5 {[%clk 0:21:31]} Kxg2 {[%clk 0:00:56]}
61. Kg4 {[%clk 0:21:52]} Kf2 {[%clk 0:01:15]} 62. Kxh4 {[%clk 0:22:15]} Kf3
{[%clk 0:01:39]} 63. Kg5 {[%clk 0:22:34]} 1-0

[Event "DVM U16 2022"]
[Site "Darmstadt GER"]
[Date "2022.12.29"]
[Round "5"]
[White "Nönnig, Jakob"]
[Black "Gering, Jakob"]
[Result "1/2-1/2"]
[Termination "normal"]
[Board "1.3"]
[WhiteElo "1606"]
[BlackElo "1539"]
[WhiteClock "00:03:25"]
[BlackClock "00:04:28"]
[WhiteTeam "Schachzwerge Magdeburg"]
[BlackTeam "SchachAkademiePaderborn e. V."]
[PlyCount "94"]
[WhiteFideId "16289447"]
[BlackFideId "16298225"]
[EventCountry "GER"]
[EventRounds "7"]
[EventType "team-swiss"]
[EventDate "2022.12.26"]

1. e4 {[%clk 1:30:58]} e6 {[%clk 1:30:56]} 2. d4 {[%clk 1:31:23]} d5 {[%clk
1:31:23]} 3. Nd2 {[%clk 1:31:39]} c5 {[%clk 1:31:34]} 4. exd5 {[%clk 1:31:41]}
Qxd5 {[%clk 1:31:58]} 5. Ngf3 {[%clk 1:31:44]} cxd4 {[%clk 1:31:41]} 6. Bc4
{[%clk 1:32:03]} Qd6 {[%clk 1:32:05]} 7. O-O {[%clk 1:31:50]} Nf6 {[%clk
1:32:14]} 8. Nb3 {[%clk 1:31:48]} Nc6 {[%clk 1:32:37]} 9. Nbxd4 {[%clk
1:31:31]} Nxd4 {[%clk 1:33:00]} 10. Nxd4 {[%clk 1:31:33]} Be7 {[%clk 1:32:37]}
11. Nb5 {[%clk 1:19:00]} Qc6 {[%clk 1:33:00]} 12. Qe2 {[%clk 1:15:17]} a6
{[%clk 1:32:26]} 13. Nd4 {[%clk 1:14:49]} Qc7 {[%clk 1:30:43]} 14. Re1 {[%clk
0:59:22]} O-O {[%clk 1:19:04]} 15. Bg5 {[%clk 0:51:29]} Qc5 {[%clk 1:14:24]}
16. Be3 {[%clk 0:49:48]} Qe5 {[%clk 1:01:29]} 17. Rad1 {[%clk 0:45:23]} Bd7
{[%clk 0:54:07]} 18. Nf3 {[%clk 0:43:42]} Qh5 {[%clk 0:45:09]} 19. Nd4 {[%clk
0:37:59]} Qxe2 {[%clk 0:42:42]} 20. Rxe2 {[%clk 0:38:08]} Rac8 {[%clk 0:39:22]}
21. Bb3 {[%clk 0:36:13]} e5 {[%clk 0:33:36]} 22. Bg5 {[%clk 0:31:45]} Bg4
{[%clk 0:26:47]} 23. f3 {[%clk 0:29:41]} exd4 {[%clk 0:21:44]} 24. Rxe7 {[%clk
0:29:21]} Bf5 {[%clk 0:21:12]} 25. Bxf6 {[%clk 0:28:17]} gxf6 {[%clk 0:20:53]}
26. Rxb7 {[%clk 0:26:28]} Bxc2 {[%clk 0:20:26]} 27. Rxd4 {[%clk 0:26:14]} Bxb3
{[%clk 0:18:24]} 28. Rxb3 {[%clk 0:26:33]} Rc1 {[%clk 0:16:29]} 29. Kf2 {[%clk
0:26:52]} Rc2 {[%clk 0:16:41]} 30. Kg3 {[%clk 0:26:29]} Kh8 {[%clk 0:16:03]}
31. Rb6 {[%clk 0:17:28]} f5 {[%clk 0:14:45]} 32. Kh3 {[%clk 0:17:03]} Rg8
{[%clk 0:08:35]} 33. g4 {[%clk 0:11:56]} fxg4 {[%clk 0:05:17]} 34. Rxg4 {[%clk
0:12:00]} Rg6 {[%clk 0:04:47]} 35. Rgxg6 {[%clk 0:09:50]} hxg6 {[%clk 0:04:54]}
36. Rxa6 {[%clk 0:06:37]} Rxb2 {[%clk 0:05:04]} 37. Ra7 {[%clk 0:05:47]} Kg7
{[%clk 0:04:58]} 38. a4 {[%clk 0:05:47]} Ra2 {[%clk 0:04:50]} 39. a5 {[%clk
0:05:24]} Kf6 {[%clk 0:04:14]} 40. a6 {[%clk 0:03:52]} Ra4 {[%clk 0:01:19]} 41.
Kg3 {[%clk 0:01:27]} Ke6 {[%clk 0:23:29]} 42. Ra8 {[%clk 0:27:26]} Kf6 {[%clk
0:13:50]} 43. h4 {[%clk 0:11:40]} Kg7 {[%clk 0:07:59]} 44. Ra7 {[%clk 0:08:23]}
Kf6 {[%clk 0:07:12]} 45. f4 {[%clk 0:07:00]} Kg7 {[%clk 0:06:02]} 46. Kf3
{[%clk 0:04:41]} Kf6 {[%clk 0:04:56]} 47. Ke3 {[%clk 0:03:25]} Kg7 {[%clk
0:04:28]} 1/2-1/2

[Event "DVM U16 2022"]
[Site "Darmstadt GER"]
[Date "2022.12.29"]
[Round "5"]
[White "Le, Dinh An"]
[Black "Petzold, Johannes Julius"]
[Result "0-1"]
[Termination "normal"]
[Board "1.4"]
[WhiteElo "1581"]
[BlackElo "1211"]
[WhiteClock "00:12:16"]
[BlackClock "00:11:43"]
[WhiteTeam "SchachAkademiePaderborn e. V."]
[BlackTeam "Schachzwerge Magdeburg"]
[PlyCount "74"]
[WhiteFideId "34607277"]
[BlackFideId "16289455"]
[EventCountry "GER"]
[EventRounds "7"]
[EventType "team-swiss"]
[EventDate "2022.12.26"]

1. b3 {[%clk 1:30:54]} Nf6 {[%clk 1:30:25]} 2. Bb2 {[%clk 1:31:04]} g6 {[%clk
1:30:17]} 3. Bxf6 {[%clk 1:31:17]} exf6 {[%clk 1:30:40]} 4. c4 {[%clk 1:31:25]}
Bg7 {[%clk 1:30:53]} 5. Nc3 {[%clk 1:31:27]} O-O {[%clk 1:30:54]} 6. g3 {[%clk
1:31:28]} Nc6 {[%clk 1:26:41]} 7. Bg2 {[%clk 1:30:59]} d6 {[%clk 1:25:56]} 8.
e3 {[%clk 1:30:45]} Re8 {[%clk 1:21:38]} 9. Nge2 {[%clk 1:30:14]} Bg4 {[%clk
1:20:18]} 10. O-O {[%clk 1:26:55]} Qd7 {[%clk 1:19:27]} 11. Rb1 {[%clk
1:23:40]} Bh3 {[%clk 1:15:58]} 12. Bxh3 {[%clk 1:21:13]} Qxh3 {[%clk 1:16:22]}
13. Nf4 {[%clk 1:20:55]} Qd7 {[%clk 1:15:49]} 14. d4 {[%clk 1:19:38]} f5 {[%clk
1:11:59]} 15. a3 {[%clk 1:17:46]} Nd8 {[%clk 1:06:15]} 16. Qc2 {[%clk 1:14:05]}
Ne6 {[%clk 1:00:50]} 17. Nfe2 {[%clk 1:11:11]} Ng5 {[%clk 0:58:20]} 18. b4
{[%clk 1:09:08]} Ne4 {[%clk 0:57:25]} 19. Rfd1 {[%clk 1:07:41]} h5 {[%clk
0:54:13]} 20. h4 {[%clk 1:06:04]} f6 {[%clk 0:45:33]} 21. Nf4 {[%clk 0:59:54]}
Qf7 {[%clk 0:39:34]} 22. d5 {[%clk 0:57:59]} g5 {[%clk 0:37:44]} 23. Ne6 {[%clk
0:56:48]} Nxc3 {[%clk 0:31:16]} 24. Qxc3 {[%clk 0:56:42]} Rxe6 {[%clk 0:31:07]}
25. dxe6 {[%clk 0:56:34]} Qxe6 {[%clk 0:31:34]} 26. Qd4 {[%clk 0:51:08]} Kf7
{[%clk 0:21:37]} 27. Qd5 {[%clk 0:43:04]} Qxd5 {[%clk 0:19:14]} 28. Rxd5 {[%clk
0:43:02]} Ke6 {[%clk 0:19:19]} 29. e4 {[%clk 0:40:36]} fxe4 {[%clk 0:18:40]}
30. Re1 {[%clk 0:39:14]} f5 {[%clk 0:16:52]} 31. b5 {[%clk 0:35:40]} gxh4
{[%clk 0:16:05]} 32. gxh4 {[%clk 0:31:15]} Be5 {[%clk 0:15:34]} 33. Kg2 {[%clk
0:19:01]} Rg8 {[%clk 0:15:33]} 34. Kh3 {[%clk 0:18:18]} Rg4 {[%clk 0:15:05]}
35. Re3 {[%clk 0:13:21]} Bf6 {[%clk 0:10:57]} 36. f3 {[%clk 0:12:10]} Rxh4
{[%clk 0:11:22]} 37. Kg3 {[%clk 0:12:16]} f4 {[%clk 0:11:43]} 0-1

[Event "DVM U16 2022"]
[Site "Darmstadt GER"]
[Date "2022.12.29"]
[Round "5"]
[White "Ermitsch, Magnus"]
[Black "Fuhrmann, Bahne"]
[Result "1-0"]
[Termination "normal"]
[Board "2.1"]
[WhiteTitle "FM"]
[WhiteElo "2215"]
[BlackElo "2042"]
[WhiteClock "00:43:34"]
[BlackClock "00:49:50"]
[WhiteTeam "SC Borussia Lichtenberg"]
[BlackTeam "Hamburger SK von 1830 eV"]
[PlyCount "89"]
[WhiteFideId "16234464"]
[BlackFideId "16244842"]
[EventCountry "GER"]
[EventRounds "7"]
[EventType "team-swiss"]
[EventDate "2022.12.26"]

1. e4 {[%clk 1:30:57]} e5 {[%clk 1:30:55]} 2. Nf3 {[%clk 1:31:21]} Nc6 {[%clk
1:31:22]} 3. Bb5 {[%clk 1:31:38]} a6 {[%clk 1:31:49]} 4. Ba4 {[%clk 1:31:31]}
Nf6 {[%clk 1:32:13]} 5. O-O {[%clk 1:30:53]} Nxe4 {[%clk 1:32:38]} 6. d4 {[%clk
1:30:49]} Be7 {[%clk 1:33:03]} 7. Re1 {[%clk 1:30:30]} b5 {[%clk 1:33:27]} 8.
Rxe4 {[%clk 1:30:38]} d5 {[%clk 1:33:52]} 9. Nxe5 {[%clk 1:30:36]} Nxe5 {[%clk
1:33:56]} 10. Rxe5 {[%clk 1:30:58]} bxa4 {[%clk 1:34:22]} 11. Qe2 {[%clk
1:31:17]} Be6 {[%clk 1:34:47]} 12. f4 {[%clk 1:31:32]} g6 {[%clk 1:35:12]} 13.
f5 {[%clk 1:31:54]} gxf5 {[%clk 1:35:34]} 14. Nc3 {[%clk 1:31:52]} a3 {[%clk
1:28:48]} 15. b3 {[%clk 1:30:56]} c6 {[%clk 1:26:59]} 16. Bf4 {[%clk 1:26:55]}
Qb6 {[%clk 1:05:23]} 17. Rd1 {[%clk 1:18:03]} Rg8 {[%clk 1:00:08]} 18. Na4
{[%clk 1:06:32]} Qd8 {[%clk 0:59:07]} 19. Nc5 {[%clk 0:58:17]} Rg6 {[%clk
0:51:36]} 20. Nxe6 {[%clk 0:54:42]} fxe6 {[%clk 0:52:00]} 21. Rxe6 {[%clk
0:54:42]} Qd7 {[%clk 0:50:00]} 22. Re5 {[%clk 0:53:59]} Rg4 {[%clk 0:46:19]}
23. Re1 {[%clk 0:52:51]} Ra7 {[%clk 0:46:38]} 24. Rxe7 {[%clk 0:50:31]} Qxe7
{[%clk 0:47:03]} 25. Qd2 {[%clk 0:49:22]} Qxe1 {[%clk 0:47:04]} 26. Qxe1 {[%clk
0:49:51]} Re7 {[%clk 0:47:26]} 27. Qd2 {[%clk 0:49:11]} Re4 {[%clk 0:47:34]}
28. Be5 {[%clk 0:48:13]} c5 {[%clk 0:47:58]} 29. c3 {[%clk 0:47:20]} Rg6 {[%clk
0:48:06]} 30. g3 {[%clk 0:46:20]} c4 {[%clk 0:48:11]} 31. b4 {[%clk 0:45:03]}
h5 {[%clk 0:47:52]} 32. Qd1 {[%clk 0:44:22]} Rg5 {[%clk 0:47:17]} 33. Qa4
{[%clk 0:44:20]} Ke7 {[%clk 0:47:31]} 34. Kf2 {[%clk 0:44:01]} Rg6 {[%clk
0:47:47]} 35. Qxa3 {[%clk 0:44:17]} h4 {[%clk 0:48:07]} 36. b5 {[%clk 0:44:31]}
Kf7 {[%clk 0:48:28]} 37. bxa6 {[%clk 0:44:56]} hxg3 {[%clk 0:48:52]} 38. hxg3
{[%clk 0:45:03]} Rh6 {[%clk 0:49:16]} 39. g4 {[%clk 0:44:17]} f4 {[%clk
0:49:35]} 40. Qc5 {[%clk 0:43:12]} Rh2 {[%clk 0:49:29]} 41. Kf3 {[%clk
0:43:19]} Rh3 {[%clk 0:49:44]} 42. Kg2 {[%clk 0:43:37]} Rhe3 {[%clk 0:49:04]}
43. Qxd5 {[%clk 0:43:59]} Ke8 {[%clk 0:49:28]} 44. Qxe4 {[%clk 0:43:14]} Rxe4
{[%clk 0:49:50]} 45. Kf1 {[%clk 0:43:34]} 1-0

[Event "DVM U16 2022"]
[Site "Darmstadt GER"]
[Date "2022.12.29"]
[Round "5"]
[White "Kort, Felix"]
[Black "Klühs, Gustaf"]
[Result "1/2-1/2"]
[Termination "normal"]
[Board "2.2"]
[WhiteElo "1932"]
[BlackElo "1858"]
[WhiteClock "00:03:34"]
[BlackClock "00:10:47"]
[WhiteTeam "Hamburger SK von 1830 eV"]
[BlackTeam "SC Borussia Lichtenberg"]
[PlyCount "59"]
[WhiteFideId "16220129"]
[BlackFideId "16228936"]
[EventCountry "GER"]
[EventRounds "7"]
[EventType "team-swiss"]
[EventDate "2022.12.26"]

1. d4 {[%clk 1:30:57]} Nf6 {[%clk 1:30:56]} 2. c4 {[%clk 1:31:23]} e6 {[%clk
1:31:23]} 3. Nc3 {[%clk 1:31:33]} Bb4 {[%clk 1:31:49]} 4. Qc2 {[%clk 1:31:58]}
c5 {[%clk 1:32:16]} 5. dxc5 {[%clk 1:31:59]} Na6 {[%clk 1:32:41]} 6. Bd2 {[%clk
1:21:22]} Nxc5 {[%clk 1:32:47]} 7. a3 {[%clk 1:19:52]} Bxc3 {[%clk 1:33:11]} 8.
Bxc3 {[%clk 1:20:18]} O-O {[%clk 1:33:28]} 9. Nf3 {[%clk 1:12:24]} Nce4 {[%clk
1:33:01]} 10. e3 {[%clk 1:10:57]} b6 {[%clk 1:32:18]} 11. Bd3 {[%clk 1:08:22]}
Nxc3 {[%clk 1:31:28]} 12. Qxc3 {[%clk 1:06:19]} Bb7 {[%clk 1:30:00]} 13. O-O
{[%clk 0:59:18]} Rc8 {[%clk 1:30:10]} 14. Qd2 {[%clk 0:57:17]} Qc7 {[%clk
1:29:03]} 15. Nd4 {[%clk 0:44:55]} Ng4 {[%clk 1:01:01]} 16. f4 {[%clk 0:43:01]}
a6 {[%clk 0:54:29]} 17. Rac1 {[%clk 0:38:00]} f5 {[%clk 0:47:20]} 18. Be2
{[%clk 0:36:06]} Nf6 {[%clk 0:47:41]} 19. Bf3 {[%clk 0:36:05]} Rfd8 {[%clk
0:44:17]} 20. b4 {[%clk 0:34:56]} Bxf3 {[%clk 0:39:44]} 21. Nxf3 {[%clk
0:34:27]} Ne4 {[%clk 0:40:06]} 22. Qd3 {[%clk 0:33:44]} Qd6 {[%clk 0:39:14]}
23. Qe2 {[%clk 0:27:19]} Rc7 {[%clk 0:37:29]} 24. Rfd1 {[%clk 0:27:06]} Qe7
{[%clk 0:37:53]} 25. Qd3 {[%clk 0:26:35]} Rdc8 {[%clk 0:37:09]} 26. c5 {[%clk
0:22:21]} a5 {[%clk 0:18:16]} 27. Qa6 {[%clk 0:16:03]} axb4 {[%clk 0:16:08]}
28. axb4 {[%clk 0:15:35]} bxc5 {[%clk 0:16:30]} 29. bxc5 {[%clk 0:07:23]} Rc6
{[%clk 0:10:47]} 30. Qb7 {[%clk 0:03:34]} 1/2-1/2

[Event "DVM U16 2022"]
[Site "Darmstadt GER"]
[Date "2022.12.29"]
[Round "5"]
[White "Zobel, Christian"]
[Black "Tietz, Bennit"]
[Result "1-0"]
[Termination "normal"]
[Board "2.3"]
[WhiteElo "1575"]
[BlackElo "1688"]
[WhiteClock "00:18:41"]
[BlackClock "00:03:47"]
[WhiteTeam "SC Borussia Lichtenberg"]
[BlackTeam "Hamburger SK von 1830 eV"]
[PlyCount "77"]
[WhiteFideId "16259068"]
[BlackFideId "16286936"]
[EventCountry "GER"]
[EventRounds "7"]
[EventType "team-swiss"]
[EventDate "2022.12.26"]

1. e4 {[%clk 1:30:57]} e5 {[%clk 1:30:56]} 2. Nf3 {[%clk 1:31:22]} Nc6 {[%clk
1:31:17]} 3. Bc4 {[%clk 1:31:42]} Bc5 {[%clk 1:31:42]} 4. c3 {[%clk 1:32:06]}
Nf6 {[%clk 1:32:00]} 5. d3 {[%clk 1:32:26]} d6 {[%clk 1:32:22]} 6. O-O {[%clk
1:32:42]} a6 {[%clk 1:32:20]} 7. Bb3 {[%clk 1:33:04]} h6 {[%clk 1:32:31]} 8.
Nbd2 {[%clk 1:30:33]} Ba7 {[%clk 1:32:51]} 9. h3 {[%clk 1:28:42]} g5 {[%clk
1:33:04]} 10. Nc4 {[%clk 1:19:22]} g4 {[%clk 1:31:56]} 11. hxg4 {[%clk
1:19:35]} Nxg4 {[%clk 1:26:53]} 12. d4 {[%clk 1:13:26]} Qf6 {[%clk 1:14:05]}
13. Ne3 {[%clk 0:57:15]} Rg8 {[%clk 1:11:33]} 14. Nd5 {[%clk 0:45:24]} Qd8
{[%clk 1:03:50]} 15. Be3 {[%clk 0:36:31]} Ne7 {[%clk 0:53:52]} 16. dxe5 {[%clk
0:31:10]} Nxd5 {[%clk 0:35:35]} 17. Qxd5 {[%clk 0:31:06]} Be6 {[%clk 0:36:03]}
18. Qd2 {[%clk 0:30:25]} Nxe3 {[%clk 0:30:33]} 19. fxe3 {[%clk 0:30:44]} Bxb3
{[%clk 0:29:14]} 20. axb3 {[%clk 0:30:56]} dxe5 {[%clk 0:28:37]} 21. Qf2 {[%clk
0:26:34]} Qe7 {[%clk 0:23:22]} 22. Rad1 {[%clk 0:20:38]} f6 {[%clk 0:22:09]}
23. Nh4 {[%clk 0:18:45]} Qg7 {[%clk 0:19:04]} 24. Nf5 {[%clk 0:18:15]} Qg6
{[%clk 0:16:10]} 25. Qd2 {[%clk 0:16:31]} Qh7 {[%clk 0:05:47]} 26. Qd5 {[%clk
0:15:42]} Rg6 {[%clk 0:02:21]} 27. Qxb7 {[%clk 0:14:44]} Bxe3 {[%clk 0:01:09]}
28. Nxe3 {[%clk 0:15:05]} Rd8 {[%clk 0:00:43]} 29. Rxd8 {[%clk 0:15:27]} Kxd8
{[%clk 0:01:10]} 30. Rd1 {[%clk 0:15:46]} Qd7 {[%clk 0:00:35]} 31. Rxd7 {[%clk
0:16:09]} Kxd7 {[%clk 0:01:00]} 32. Qd5 {[%clk 0:16:31]} Ke8 {[%clk 0:01:12]}
33. Qe6 {[%clk 0:16:38]} Kf8 {[%clk 0:01:40]} 34. Nf5 {[%clk 0:16:43]} c5
{[%clk 0:02:18]} 35. Qe7 {[%clk 0:17:31]} Kg8 {[%clk 0:02:46]} 36. Qe8 {[%clk
0:17:54]} Kh7 {[%clk 0:02:59]} 37. Qf7 {[%clk 0:18:18]} Kh8 {[%clk 0:03:23]}
38. Qxg6 {[%clk 0:18:41]} c4 {[%clk 0:03:47]} 39. Qg7# 1-0

[Event "DVM U16 2022"]
[Site "Darmstadt GER"]
[Date "2022.12.29"]
[Round "5"]
[White "Malchereck, Zion"]
[Black "Orlowski, Arthur"]
[Result "1/2-1/2"]
[Termination "normal"]
[Board "2.4"]
[WhiteElo "1726"]
[BlackElo "1764"]
[WhiteClock "00:30:09"]
[BlackClock "00:35:31"]
[WhiteTeam "Hamburger SK von 1830 eV"]
[BlackTeam "SC Borussia Lichtenberg"]
[PlyCount "87"]
[WhiteFideId "16269233"]
[BlackFideId "34640177"]
[EventCountry "GER"]
[EventRounds "7"]
[EventType "team-swiss"]
[EventDate "2022.12.26"]

1. e4 {[%clk 1:30:43]} d5 {[%clk 1:30:57]} 2. exd5 {[%clk 1:31:05]} Qxd5 {[%clk
1:31:23]} 3. Nc3 {[%clk 1:31:15]} Qd6 {[%clk 1:31:46]} 4. Nf3 {[%clk 1:26:36]}
Bg4 {[%clk 1:29:06]} 5. Be2 {[%clk 1:26:17]} Nc6 {[%clk 1:27:13]} 6. O-O {[%clk
1:26:09]} Nf6 {[%clk 1:26:34]} 7. d3 {[%clk 1:25:27]} e6 {[%clk 1:25:56]} 8.
Be3 {[%clk 1:22:38]} a6 {[%clk 1:24:05]} 9. h3 {[%clk 1:21:33]} Bh5 {[%clk
1:17:16]} 10. a3 {[%clk 1:20:11]} Be7 {[%clk 1:16:38]} 11. Qd2 {[%clk 1:20:08]}
O-O {[%clk 1:15:16]} 12. Rad1 {[%clk 1:19:25]} Rad8 {[%clk 1:13:09]} 13. Rfe1
{[%clk 1:19:17]} b5 {[%clk 1:11:23]} 14. b4 {[%clk 1:19:29]} Bxf3 {[%clk
1:01:53]} 15. Bxf3 {[%clk 1:19:06]} Nd4 {[%clk 1:01:51]} 16. Be2 {[%clk
0:57:10]} c5 {[%clk 0:58:57]} 17. Ne4 {[%clk 0:46:51]} Nxe4 {[%clk 0:55:58]}
18. dxe4 {[%clk 0:46:51]} Nxe2 {[%clk 0:55:35]} 19. Qxe2 {[%clk 0:45:59]} Qe5
{[%clk 0:49:51]} 20. c4 {[%clk 0:28:32]} cxb4 {[%clk 0:44:22]} 21. cxb5 {[%clk
0:27:59]} axb5 {[%clk 0:38:48]} 22. Rxd8 {[%clk 0:25:51]} Rxd8 {[%clk 0:39:00]}
23. axb4 {[%clk 0:26:12]} Bxb4 {[%clk 0:35:20]} 24. Rb1 {[%clk 0:26:23]} Ra8
{[%clk 0:28:23]} 25. Qd3 {[%clk 0:24:32]} Ra1 {[%clk 0:27:12]} 26. Rxa1 {[%clk
0:18:50]} Qxa1 {[%clk 0:27:30]} 27. Kh2 {[%clk 0:19:18]} Qe5 {[%clk 0:26:59]}
28. g3 {[%clk 0:17:25]} Qb8 {[%clk 0:21:51]} 29. Kg2 {[%clk 0:17:03]} h6 {[%clk
0:21:19]} 30. Kf3 {[%clk 0:16:21]} Bd6 {[%clk 0:20:57]} 31. Ke2 {[%clk
0:11:27]} b4 {[%clk 0:18:38]} 32. Qb3 {[%clk 0:11:38]} Qb5 {[%clk 0:16:49]} 33.
Qd3 {[%clk 0:08:58]} Qxd3 {[%clk 0:11:08]} 34. Kxd3 {[%clk 0:09:09]} f5 {[%clk
0:10:02]} 35. exf5 {[%clk 0:08:37]} exf5 {[%clk 0:10:21]} 36. Kc4 {[%clk
0:08:43]} Kf7 {[%clk 0:10:21]} 37. Bd4 {[%clk 0:04:34]} g5 {[%clk 0:08:27]} 38.
g4 {[%clk 0:03:17]} Kg6 {[%clk 0:06:53]} 39. f3 {[%clk 0:03:12]} h5 {[%clk
0:06:22]} 40. Kb3 {[%clk 0:01:56]} hxg4 {[%clk 0:05:52]} 41. hxg4 {[%clk
0:02:00]} Be7 {[%clk 0:05:54]} 42. Kc4 {[%clk 0:01:51]} fxg4 {[%clk 0:05:20]}
43. fxg4 {[%clk 0:30:09]} Kf7 {[%clk 0:35:31]} 44. Be3 1/2-1/2

[Event "DVM U16 2022"]
[Site "Darmstadt GER"]
[Date "2022.12.29"]
[Round "5"]
[White "Schwartz, Oliver"]
[Black "Bungarten, Jona"]
[Result "1-0"]
[Termination "normal"]
[Board "3.1"]
[WhiteElo "1868"]
[BlackElo "2151"]
[WhiteTeam "SC Ostfildern 1952 e.V."]
[BlackTeam "Schachfreunde Brackel 1930 e. V."]
[PlyCount "53"]
[WhiteFideId "16207459"]
[BlackFideId "16223608"]
[EventCountry "GER"]
[EventRounds "7"]
[EventType "team-swiss"]
[EventDate "2022.12.26"]

1. d4 d5 2. c4 e6 3. Nc3 c5 4. cxd5 cxd4 5. Qa4 Bd7 6. Qxd4 exd5 7. Qxd5 Nc6 8.
Nf3 Nf6 9. Qb3 Bc5 10. e3 Be6 11. Bc4 Bxc4 12. Qxc4 Qe7 13. O-O O-O 14. Bd2
Rfd8 15. Rfd1 Rac8 16. Be1 Bd6 17. Qe2 Ne5 18. Nb5 Nxf3 19. gxf3 Bb8 20. Nd4
Nd5 21. f4 Qf6 22. Qg4 Rc5 23. Nb3 Rc2 24. Rd4 Nb6 25. Bc3 g6 26. Rxd8 Qxd8 27.
Nd4 1-0